Loading...
| Literature - American | 0 | 5 | 3 | 0 | 35 | 109 | 128.00 | 0 | 1 | 0.00 | 0.00 |
| Science - Physics | 0 | 3 | 0 | 0 | 30 | 86 | 102.00 | 0 | 0 | 7.92 | 10.00 |
| Mythology | 0 | 3 | 0 | 0 | 30 | 66 | 103.00 | 0 | 0 | 4.41 | 16.67 |
| History - Other | 0 | 3 | 0 | 0 | 30 | 91 | 125.33 | 0 | 0 | 0.00 | 0.00 |
| Religion | 0 | 2 | 0 | 0 | 20 | 93 | 103.00 | 0 | 0 | 8.89 | 20.00 |
| Literature - British | 0 | 2 | 1 | 0 | 15 | 96 | 111.50 | 0 | 1 | 0.20 | 10.00 |
| Literature - European | 0 | 1 | 0 | 0 | 10 | 139 | 139.00 | 0 | 0 | 1.74 | 11.67 |
| Science - Other | 0 | 2 | 2 | 0 | 10 | 93 | 103.50 | 0 | 0 | 0.04 | 1.11 |
| Science - Chemistry | 0 | 2 | 3 | 1 | 5 | 84 | 109.50 | 0 | 0 | 0.08 | 1.67 |
| Literature - World | 0 | 0 | 0 | 0 | 0 | 0.00 | 0 | 0 | 0.76 | 10.00 | |
| Other Academic | 0 | 0 | 0 | 0 | 0 | 0.00 | 0 | 0 | 0.14 | 6.67 | |
| Science - Biology | 0 | 2 | 4 | 0 | 0 | 94 | 108.00 | 0 | 0 | 2.65 | 6.67 |
| History - World | 0 | 0 | 1 | 0 | -5 | 0.00 | 0 | 0 | 0.00 | 0.00 | |
| Geography | 0 | 0 | 2 | 0 | -10 | 0.00 | 0 | 0 | 0.00 | 0.00 | |
| History - European | 0 | 0 | 2 | 0 | -10 | 0.00 | 0 | 0 | 2.86 | 6.67 | |
| Fine Arts - Other | 0 | 0 | 2 | 0 | -10 | 0.00 | 0 | 0 | 0.06 | 1.39 |